000 00740nam a2200217Ii 4500
003 JO-AjNU
008 230605s9999||||xx |||||||||||||| ||und||
017 _a2010/4/1182
040 _aJO-AjNU
_bara
_erda
_cJO-AjNU
041 _aara
050 1 4 _aBF637.2011
100 3 _aأبو أسعد،أحمد عبد اللطيف,
_eauthor
_931502
245 0 0 _aالعملية الإرشادية =Consulting Process
250 _aط1
264 3 1 _aعمان:دار المسيرة للنشر والتوزيع والطباعة ، 2011
300 _a455ص
336 _atext
_btxt
_2rdacontent
337 _aunmediated
_bn
_2rdamedia
338 _avolume
_bnc
_2rdacarrier
650 4 _aالارشاد النفسي-التوجيه النفسي
_931503
999 _aA12607
_c16175
_d16175